[Event "Invitation"]
[Site "http://www.queenalice.com/game.php?id=12179"]
[Date "2005.5.6"]
[Round "-"]
[White "potoko"]
[Black "jose_scalise"]
[Result "1/2-1/2"]
[WhiteElo "1571"]
[BlackElo "1578"]

1. e4 e5 2. Nf3 Nc6 3. Bb5 Nd4 4. Nxd4 exd4 5. O-O c6 6. Bc4 b5 7. Bd3 d6 8. Re1
Nf6 9. e5 dxe5 10. Rxe5+ Be6 11. Bf5 Bd6 12. Qe2 Bxe5 13. Qxe5 Qd5 14. Qxd5 Bxd5
15. d3 O-O 16. Nd2 Rfe8 17. Nf3 Bxf3 18. gxf3 Re1+ 19. Kg2 Re2 20. c3 dxc3 21.
bxc3 Rae8 22. a4 bxa4 23. Rxa4 Rc2 24. Bg5 Ree2 25. Rxa7 Rxc3 26. Be3 g6 27. Be4
Nxe4 28. Ra8+ Kg7 29. Bd4+ Kh6 30. Rg8 Rxd3 31. Bg7+ Kg5 32. fxe4 Rxe4 33. Rf8
Rf4 34. Be5 Rg4+ 35. Kf1 Rd1+ 36. Ke2 Rd5 37. f4+ Kh6 38. Rxf7 Rxe5+ 39. fxe5
Re4+ 40. Kd3 Rxe5 41. h4 Rf5 42. Rc7 Rh5 43. Ke4 Rxh4+ 44. Ke5 c5 45. Kf6 c4 46.
Kf7 Kh5 47. Kf6 h6 48. Rg7 Rf4+ 49. Ke7 c3 50. Ke6 c2 51. Rc7 Rf2 52. Ke5 g5 53.
Ke4 Kh4 54. Kd3 h5 55. Rxc2 Rxc2 56. Kxc2 g4 57. Kd2 1/2-1/2

[Event "Challenge"]
[Site "http://www.queenalice.com/game.php?id=12719"]
[Date "2005.5.11"]
[Round "-"]
[White "potoko"]
[Black "araujoime"]
[Result "1-0"]
[WhiteElo "1500"]
[BlackElo "987"]

1. e4 e5 2. Nf3 Nh6 3. Nxe5 d6 4. Nf3 Be7 5. Bb5+ c6 6. Bc4 Qb6 7. d3 O-O 8. Ng5
Bxg5 9. Bxg5 Ng4 10. O-O Qc5 11. Be7 Qh5 12. h3 Ne5 13. Qxh5 g6 14. Qh6 Re8 15.
Bf6 b5 16. Qg7# 1-0

[Event "Let's Play Chess!"]
[Site "http://www.queenalice.com/game.php?id=14450"]
[Date "2005.5.28"]
[Round "-"]
[White "potoko"]
[Black "Muelli"]
[Result "1-0"]
[WhiteElo "1500"]
[BlackElo "1363"]

1. d4 d6 2. c4 Nc6 3. Nf3 Nf6 4. d5 Ne5 5. g3 Bg4 6. Bg2 Qd7 7. O-O Nxc4 8. Nc3
b5 9. Bg5 b4 10. Qa4 Kd8 11. Qxb4 Nb6 12. Rac1 a5 13. Qb5 Qxb5 14. Nxb5 1-0

[Event "Challenge seqÃ¼Ãªncia"]
[Site "http://www.queenalice.com/game.php?id=15142"]
[Date "2005.6.2"]
[Round "-"]
[White "araujoime"]
[Black "potoko"]
[Result "0-1"]
[WhiteElo "987"]
[BlackElo "1500"]

1. e4 e5 2. Nh3 Nf6 3. Bc4 Nxe4 4. Qf3 d5 5. Bb5+ c6 6. Ba4 Qh4 7. g3 Qxh3 8. d3
Bg4 9. Qe3 Bc5 10. d4 Bxd4 11. Qb3 Bxf2# 0-1

[Event "Let's Play Chess!"]
[Site "http://www.queenalice.com/game.php?id=18731"]
[Date "2005.7.8"]
[Round "-"]
[White "potoko"]
[Black "refutor"]
[Result "0-1"]
[WhiteElo "1616"]
[BlackElo "1549"]

1. e4 c6 2. d4 d5 3. Nc3 dxe4 4. Nxe4 Bf5 5. Qf3 Bxe4 6. Qxe4 Nf6 7. Qf3 Qxd4 8.
Be3 Qxb2 9. Rd1 e6 10. Rd3 Qb1+ 11. Qd1 Qxd1+ 12. Rxd1 Bb4+ 13. Bd2 Na6 14. Bxa6
Bxd2+ 15. Rxd2 bxa6 16. Nf3 O-O 17. h4 Ne4 18. Rd4 f5 19. Ng5 Nxg5 20. hxg5 g6
21. Rd7 Rf7 22. Rxh7 Rxh7 23. Rd6 Rc7 24. Rxe6 Kf7 25. Rf6+ Kg7 26. Ke2 Re8+ 27.
Kf3 Rf8 28. Kf4 Rxf6 29. gxf6+ Kxf6 30. g4 g5+ 31. Kg3 fxg4 32. Kxg4 Rd7 33. f4
gxf4 34. Kxf4 Rd2 0-1

[Event "Let's Play Chess!"]
[Site "http://www.queenalice.com/game.php?id=20847"]
[Date "2005.7.22"]
[Round "-"]
[White "potoko"]
[Black "big2003"]
[Result "1-0"]
[WhiteElo "1503"]
[BlackElo "1512"]

1. e4 e5 2. Nf3 Nc6 3. d4 d6 4. Bb5 Bd7 5. Nc3 Nf6 6. dxe5 dxe5 7. Bc4 Bg4 8.
Bg5 Be7 9. Nd5 Nxd5 10. Qxd5 Qxd5 11. exd5 Bxf3 12. Bxe7 Nxe7 13. gxf3 Rd8 14.
O-O-O Nf5 15. Rhe1 f6 16. f4 Nd6 17. fxe5 fxe5 18. Rxe5+ Kd7 19. Be2 Rhf8 20.
Bg4+ Nf5 21. Bxf5+ Kd6 22. Rde1 g6 23. Re6+ Kxd5 24. R6e5+ Kd6 25. Re6+ Kc5 26.
R1e5+ Kd4 27. c3+ Kc4 28. Re4+ Kc5 29. b4+ Kb5 30. R4e5+ Ka4 31. Ra5# 1-0

[Event "Let's Play Chess!"]
[Site "http://www.queenalice.com/game.php?id=21449"]
[Date "2005.7.26"]
[Round "-"]
[White "moepp"]
[Black "potoko"]
[Result "1-0"]
[WhiteElo "1690"]
[BlackElo "1538"]

1. e4 e5 2. Nf3 Nc6 3. Bc4 Nf6 4. Ng5 d5 5. exd5 Nxd5 6. O-O Qxg5 7. Bxd5 Bh3 8.
Qf3 Nd4 9. Qxh3 Ne2+ 10. Kh1 Nxc1 11. Rxc1 Bc5 12. Bxb7 Rd8 13. Bc6+ Kf8 14. Qf3
Rd4 15. Re1 Rf4 16. Qd5 Bxf2 17. Rxe5 g6 18. Rxg5 Bh4 19. Nc3 Bxg5 20. Qxg5 Rf5
21. Qd8+ Kg7 22. Qd4+ f6 23. g4 Rg5 24. Re1 h5 25. Re7+ Kh6 26. Qxf6 Rd8 27.
Qg7# 1-0

[Event "Challenge"]
[Site "http://www.queenalice.com/game.php?id=28879"]
[Date "2005.9.16"]
[Round "-"]
[White "potoko"]
[Black "D_COI"]
[Result "1-0"]
[WhiteElo "1572"]
[BlackElo "1196"]

1. e4 e5 2. Nf3 d6 3. Nc3 Bg4 4. Bc4 Ne7 5. Nxe5 dxe5 6. Qxg4 Qd4 7. d3 Nd7 8.
Nb5 h5 9. Bxf7+ Kxf7 10. Nxd4 hxg4 11. Nb5 Nc6 12. Bd2 Bd6 13. Nxd6+ cxd6 14.
O-O-O b6 15. h3 Nf6 16. f4 Nd4 17. fxe5 dxe5 18. Rhf1 gxh3 19. g4 Rac8 20. c3
Ne2+ 21. Kc2 h2 22. Bf4 Rxc3+ 23. bxc3 Rc8 24. Bxe5 Rh8 25. g5 Ke6 26. gxf6 Kxe5
27. fxg7 Rg8 28. Rf5+ Ke6 29. Rh1 Rxg7 30. Rxh2 1-0

[Event "Challenge"]
[Site "http://www.queenalice.com/game.php?id=32528"]
[Date "2005.10.11"]
[Round "-"]
[White "potoko"]
[Black "chessyca"]
[Result "0-1"]
[WhiteElo "1509"]
[BlackElo "1739"]

1. e4 Nf6 2. e5 Nd5 3. d4 Nc6 4. e6 dxe6 5. Nf3 g6 6. Bb5 Bg7 7. O-O O-O 8. Bg5
h6 9. Bh4 Nf4 10. c3 g5 11. Bxg5 hxg5 12. g3 Nh3+ 13. Kh1 g4 14. Ng5 Nxg5 15.
Qxg4 Bh6 16. Bd3 Ne5 17. Qh5 Nxd3 18. Nd2 Qd5+ 19. f3 Kg7 20. h4 Nh3 21. Qg4+
Kh8 22. Qxh3 Bxd2 23. Qg4 Nxb2 24. Rf2 Bh6 25. Qh3 e5 26. Qg2 Rg8 0-1

[Event "AUTO-OPEN-177"]
[Site "http://www.queenalice.com/game.php?id=38823"]
[Date "2005.11.20"]
[Round "1"]
[White "tiago1311"]
[Black "potoko"]
[Result "0-1"]
[WhiteElo "1403"]
[BlackElo "1499"]

1. d4 Nf6 2. Bg5 Nd5 3. Nf3 f6 4. Bh4 Nc6 5. e4 Nf4 6. Bg3 e5 7. d5 Nb4 8. Bxf4
exf4 9. a3 Na6 10. Bd3 Nc5 11. O-O Nxd3 12. Qxd3 Bd6 13. Nc3 O-O 14. Rad1 a5 15.
Rfe1 c6 16. dxc6 dxc6 17. Qxd6 Qxd6 0-1

[Event "AUTO-OPEN-177"]
[Site "http://www.queenalice.com/game.php?id=38824"]
[Date "2005.11.20"]
[Round "1"]
[White "potoko"]
[Black "tiago1311"]
[Result "1-0"]
[WhiteElo "1515"]
[BlackElo "1389"]

1. e4 c5 2. c4 d6 3. Nf3 Bg4 4. Nc3 Bxf3 5. Qxf3 Nf6 6. e5 dxe5 7. Qxb7 Nbd7 8.
Bd3 e6 9. O-O Bd6 10. Nb5 a6 11. Nc7+ Bxc7 12. b4 e4 13. Bc2 cxb4 14. f3 exf3
15. Rxf3 O-O 16. Qxb4 Ba5 17. Qb1 1-0